SpongeBob Quotes - Who Said Them? - Statistics

General Stats
  • This quiz has been taken 895 times
  • The average score is 8 of 20
Answer Stats
Hint Explanation Answer % Correct
"You got it set to M for 'mini,' when it should be set to W for 'wumbo!'" Mermaid Man and Barnacle Boy IV Patrick
71%
"Too bad that didn't kill me." Band Geeks Squidward
65%
"Whoever's the owner of the white sedan, you left your lights on." Band Geeks Patrick
56%
"Felicitations, malfactors!" Plankton's Army Plankton
56%
"I went to college!" Several episodes, first heard in Plankton! Plankton
53%
"Mediocre...?" Plankton! Squidward
52%
"You're sitting on my body, which is also my face." Walking Small SpongeBob
51%
"So long, shrimp!!!" The Algae's Always Greener Mr. Krabs
48%
"I knew I should have gotten the turbo." Krusty Krab Training Video Plankton
45%
"No, let's save that for when we're selling real estate." Chocolate with Nuts SpongeBob
44%
"Do you mean she, 'puts on airs?'" Tea at the Treedome Patrick
41%
"The deed is done." Squeaky Boots Mr. Krabs
40%
"Y'know, these were white when I bought 'em." The Fry Cook Games Patrick
39%
"Can't have dirty garbage!" Procrastination SpongeBob
38%
"Ah, Make Out Reef. Good times, good times..." Mermaid Man and Barnacle Boy V Squidward
33%
"And since when did I acquire all these portraits of Patrick?!" Pranks a Lot Sandy
27%
"Hold on there, Jethro!" Pizza Delivery Squidward
21%
"A wallet... a watch... waffles..." Squirrel Jokes Sandy
20%
"Who were you expecting? Tiny Tim?" MuscleBob BuffPants SpongeBob
15%
"That's a 4/4 string ostinato in D minor!" Clams Mr. Krabs
11%
No matching quizzes found
Score Distribution
Percent of People with Each Score
Percentile by Number Answered
Your Score History
You have not taken this quiz